000
00291nam a22001217a 4500
020
_a
81-8350-269-5
082
_a
657
_b
GRE/A
100
_a
T.S.GREWAL
245
_a
ACCOUNTANCY
_b
CLASS XII
260
_a
DELHI
_b
SULTAN CHAND & SONS
_c
2009
650
_a
ACCOUNTANCY FOR CLASS XII
_z
INDIA
942
_c
BK
999
_c
624
_d
624